000
00280nam a2200109Ia 4500
008
221009s9999 xx 000 0 und d
082
_a
658/SIN
100
_a
Singh surender Kaur Rajeev
_9
66841
245
0
_a
Fundamentals of Financial Management
260
_b
Book Bank
942
_c
BK
999
_c
64899
_d
64899